01004cam a2200277 a 450000100100000000500170001000800410002702000150006804000290008308200180011224500880013026000360021830000210025465000390027565000440031470000360035870000310039470000280042570000290045370000270048270000350050991000340054404900090057895201220058799900170070900001815020200929165357.0750220s1974 xxc 000 0 eng d a0889220565 aDO-SdBNPbengcLCdBNHPU a812.54bB859f04aThe Factory lab anthology /cedición Connie Brissenden ; introducción Ken Gass. aVancouver :bTalonbooks,c1974. a316 p. ;c26 cm. 4aTeatro canadienseySIGLO XX939321 4aLitersatura canadienseySIGLO XX9393221 aBrissenden, Connie,eed.9393231 aGass, Ken,eintrod.9393241 aGreenland, Bill.9393251 aWalker, George F.9393261 aKardish, Larry.9393271 aHollingsworth, Michael.939328 aCatalogación por copia / LC aBNGR 001054708MOaGRbGRcCTd2010-04-16iLF1l0o812.54 B859fp18150-10r2020-06-25w2020-06-25y4ZPréstamo en sala c17671d17671